[Event "Monarch Assurance Isle of Man 10th"]
[Site "Port Erin IOM"]
[Date "2001.10.04"]
[Round "6.3"]
[White "Gleizerov, Evgeny"]
[Black "McNab, Colin"]
[Result "1-0"]
[WhiteElo "2587"]
[BlackElo "2437"]
[PlyCount "77"]
[EventDate "2001.09.29"]
[EventType "swiss"]
[EventRounds "9"]
[EventCountry "IOM"]
[SourceTitle "BritBase"]
[SourceDate "2008.07.14"]
[SourceVersion "1"]
[SourceVersionDate "2008.07.14"]
[SourceQuality "2"]

1. d4 d6 2. Nf3 g6 3. c4 Bg7 4. Nc3 c6 5. e4 Bg4 6. Be2 Bxf3 7. Bxf3 Qb6 8. d5
Nd7 9. O-O Ngf6 10. Rb1 O-O 11. Be3 Qc7 12. Be2 Rfc8 13. Qd2 cxd5 14. exd5 a6
15. Rfc1 Qd8 16. h3 Nc5 17. Qc2 Ncd7 18. Qd1 Rab8 19. b4 h5 20. Qb3 Qf8 21. Rc2
Rc7 22. a4 b6 23. Qa2 Qc8 24. Rbc1 Kh7 25. a5 Bh6 26. axb6 Nxb6 27. Bxh6 Kxh6
28. c5 dxc5 29. Bxa6 Qd8 30. Nb5 Nbxd5 31. Nxc7 Nxc7 32. Bf1 Rxb4 33. Qxf7 Rf4
34. g3 Rf5 35. Qc4 Nce8 36. Qe2 Qd6 37. Qe3+ Kg7 38. Rxc5 e5 39. Bb5 1-0

[Event "Monarch Assurance Isle of Man 10th"]
[Site "Port Erin IOM"]
[Date "2001.10.04"]
[Round "6.4"]
[White "Gallagher, Joseph"]
[Black "Baburin, Alexander"]
[Result "0-1"]
[WhiteElo "2516"]
[BlackElo "2584"]
[PlyCount "122"]
[EventDate "2001.09.29"]
[EventType "swiss"]
[EventRounds "9"]
[EventCountry "IOM"]
[SourceTitle "BritBase"]
[SourceDate "2008.07.14"]
[SourceVersion "1"]
[SourceVersionDate "2008.07.14"]
[SourceQuality "2"]

1. e4 Nf6 2. e5 Nd5 3. d4 d6 4. Nf3 c6 5. c4 Nc7 6. exd6 exd6 7. Nc3 Bg4 8. h3
Bh5 9. Be3 Be7 10. g4 Bg6 11. Qb3 Qc8 12. Be2 a6 13. Nd2 Nd7 14. O-O-O d5 15.
f4 f6 16. f5 Bf7 17. Kb1 b5 18. cxb5 axb5 19. Bf4 Nc5 20. Qc2 b4 21. Nb5 Nxb5
22. Bxb5 cxb5 23. dxc5 O-O 24. Rhe1 Bxc5 25. Nb3 d4 26. Qxc5 Bxb3 27. Qxc8
Bxa2+ 28. Kc1 Rfxc8+ 29. Kd2 Bd5 30. Kd3 Rd8 31. Ra1 Rxa1 32. Rxa1 Bg2 33. h4
Bh3 34. Rg1 h5 35. gxh5 Bxf5+ 36. Kd2 Kf7 37. Rc1 Ke6 38. Rc5 Rh8 39. h6 gxh6
40. Rxb5 h5 41. Rb6+ Kf7 42. Rxb4 Rd8 43. Rb7+ Kg6 44. Rb6 Re8 45. Rd6 d3 46.
Bg5 Rf8 47. Be3 Rc8 48. Bg5 Rc2+ 49. Ke3 Re2+ 50. Kf3 Be4+ 51. Kg3 Kf5 52.
Rxf6+ Ke5 53. Rf2 Re1 54. Bf6+ Kd5 55. Kf4 Bg6 56. Bg5 Re4+ 57. Kg3 Rg4+ 58.
Kh3 Ke4 59. Bf6 Ke3 60. Rf1 Ke2 61. Rh1 Be4 0-1

[Event "Monarch Assurance Isle of Man 10th"]
[Site "Port Erin IOM"]
[Date "2001.10.04"]
[Round "6.5"]
[White "Galkin, Alexander"]
[Black "Cherniaev, Alexander"]
[Result "1/2-1/2"]
[WhiteElo "2583"]
[BlackElo "2437"]
[PlyCount "33"]
[EventDate "2001.09.29"]
[EventType "swiss"]
[EventRounds "9"]
[EventCountry "IOM"]
[SourceTitle "BritBase"]
[SourceDate "2008.07.14"]
[SourceVersion "1"]
[SourceVersionDate "2008.07.14"]
[SourceQuality "2"]

1. e4 c5 2. Nf3 Nc6 3. d4 cxd4 4. Nxd4 e5 5. Nb5 d6 6. c4 Be7 7. Bd3 a6 8. N5c3
Bg5 9. Nd2 Nf6 10. Nf1 Bxc1 11. Rxc1 O-O 12. Ne3 Be6 13. O-O Rc8 14. Qd2 Ng4
15. Rfd1 Nxe3 16. Qxe3 Qa5 17. a3 1/2-1/2

[Event "Monarch Assurance Isle of Man 10th"]
[Site "Port Erin IOM"]
[Date "2001.10.04"]
[Round "6.6"]
[White "Hillarp Persson, Tiger"]
[Black "Ulibin, Mikhail"]
[Result "0-1"]
[WhiteElo "2438"]
[BlackElo "2583"]
[PlyCount "78"]
[EventDate "2001.09.29"]
[EventType "swiss"]
[EventRounds "9"]
[EventCountry "IOM"]
[SourceTitle "BritBase"]
[SourceDate "2008.07.14"]
[SourceVersion "1"]
[SourceVersionDate "2008.07.14"]
[SourceQuality "2"]

1. c4 c5 2. Nf3 Nf6 3. Nc3 e6 4. e4 Nc6 5. Be2 d5 6. e5 Nd7 7. cxd5 exd5 8. Bb5
d4 9. Bxc6 bxc6 10. Ne4 Nxe5 11. Nxe5 Qd5 12. Qe2 Qxe5 13. f4 Qe7 14. f5 d3 15.
Qe3 Qe5 16. O-O Be7 17. f6 gxf6 18. Nxf6+ Bxf6 19. Rxf6 Qxe3+ 20. dxe3 Be6 21.
b3 {(=)} a5 22. Bb2 Rg8 23. Rd1 Rd8 24. Rf4 Rg4 25. Rxg4 Bxg4 26. Rd2 Bf5 27.
Kf2 Be4 28. Kg3 Rd5 29. Kf4 Bxg2 30. Bc3 Bf1 31. Bxa5 c4 32. Bc3 cxb3 33. axb3
Kd7 34. Ra2 Be2 35. b4 Rh5 36. Ra7+ Ke6 37. Ra6 d2 38. Rxc6+ Kd7 39. Bxd2 Kxc6
0-1

[Event "Monarch Assurance Isle of Man 10th"]
[Site "Port Erin IOM"]
[Date "2001.10.04"]
[Round "6.7"]
[White "Yakovich, Yuri"]
[Black "Kirsanov, Oleg"]
[Result "1-0"]
[WhiteElo "2577"]
[BlackElo "2365"]
[PlyCount "82"]
[EventDate "2001.09.29"]
[EventType "swiss"]
[EventRounds "9"]
[EventCountry "IOM"]
[SourceTitle "BritBase"]
[SourceDate "2008.07.14"]
[SourceVersion "1"]
[SourceVersionDate "2008.07.14"]
[SourceQuality "2"]

1. d4 d5 2. c4 e6 3. Nc3 c5 4. cxd5 exd5 5. Nf3 Nc6 6. g3 Nf6 7. Bg2 Be7 8. O-O
O-O 9. Bg5 c4 10. Ne5 Be6 11. b3 Qa5 12. Nxc6 bxc6 13. Qc2 Rfd8 14. bxc4 dxc4
15. Bxf6 Bxf6 16. e3 Be7 17. Bxc6 Rac8 18. Be4 f5 19. Bf3 Bb4 20. Rfc1 Ba3 21.
Rcb1 Bb4 22. Ne2 g5 23. a3 Bf8 24. Rc1 Rd6 25. Nc3 Bd7 26. Qa2 Kh8 27. Be2 Rb6
28. Bxc4 Rbc6 29. Ne2 Qxa3 30. Qxa3 Bxa3 31. Rxa3 Rxc4 32. Rxc4 Rxc4 33. Rxa7
Bb5 34. Ra2 Bc6 35. Kf1 Kg7 36. Ke1 Bf3 37. Kd2 Rb4 38. Nc3 f4 39. Kc2 fxe3 40.
fxe3 h5 41. Rb2 Rc4 1-0

[Event "Monarch Assurance Isle of Man 10th"]
[Site "Port Erin IOM"]
[Date "2001.10.04"]
[Round "6.8"]
[White "Flear, Glenn"]
[Black "Hebden, Mark"]
[Result "1/2-1/2"]
[WhiteElo "2489"]
[BlackElo "2559"]
[PlyCount "46"]
[EventDate "2001.09.29"]
[EventType "swiss"]
[EventRounds "9"]
[EventCountry "IOM"]
[SourceTitle "BritBase"]
[SourceDate "2008.07.14"]
[SourceVersion "1"]
[SourceVersionDate "2008.07.14"]
[SourceQuality "2"]

1. d4 Nf6 2. c4 g6 3. Nc3 Bg7 4. e4 d6 5. f4 O-O 6. Nf3 Na6 7. Bd3 e5 8. fxe5
dxe5 9. d5 Nh5 10. O-O Qe7 11. Re1 Bg4 12. h3 Bxf3 13. Qxf3 Bf6 14. Bh6 Rfd8
15. Rf1 Nf4 16. Ne2 Bg7 17. Bxg7 Nxe2+ 18. Bxe2 Kxg7 19. a3 c5 20. Bd1 Rd6 21.
Ba4 Rf8 22. Rad1 Qd8 23. Qf2 Qc7 1/2-1/2

[Event "Monarch Assurance Isle of Man 10th"]
[Site "Port Erin IOM"]
[Date "2001.10.04"]
[Round "6.10"]
[White "Gormally, Daniel W"]
[Black "Crouch, Colin"]
[Result "1-0"]
[WhiteElo "2481"]
[BlackElo "2407"]
[PlyCount "95"]
[EventDate "2001.09.29"]
[EventType "swiss"]
[EventRounds "9"]
[EventCountry "IOM"]
[SourceTitle "BritBase"]
[SourceDate "2008.07.14"]
[SourceVersion "1"]
[SourceVersionDate "2008.07.14"]
[SourceQuality "2"]

1. Nf3 Nf6 2. c4 b6 3. Nc3 Bb7 4. d4 e6 5. Bg5 Be7 6. Qc2 c5 7. e4 cxd4 8. Nxd4
Nc6 9. Nxc6 Bxc6 10. Be2 O-O 11. O-O Ne8 12. Bf4 Bg5 13. Bg3 Bh4 14. Bxh4 Qxh4
15. Bd3 Nf6 16. f4 Ng4 17. h3 Nh6 18. Qf2 Qxf2+ 19. Rxf2 f5 20. Re1 g6 21. exf5
gxf5 22. Nd1 Kh8 23. Kh2 Rg8 24. Ne3 Rg7 25. Rg1 Rag8 26. g3 Be4 27. Bxe4 fxe4
28. g4 Nf5 29. Re1 Nxe3 30. Rxe3 d5 31. Rd2 Rc7 32. cxd5 exd5 33. Rxd5 Rc2+ 34.
Kg3 Re8 35. Rb5 Kg7 36. a4 h5 37. Rxh5 Rxb2 38. Rd5 a5 39. Rd4 Rb4 40. Rxb4
axb4 41. f5 Ra8 42. Rxe4 Rxa4 43. Re7+ Kf8 44. Rb7 Ra6 45. f6 b3 46. g5 b2 47.
g6 b1=Q 48. Rb8# 1-0

[Event "Monarch Assurance Isle of Man 10th"]
[Site "Port Erin IOM"]
[Date "2001.10.04"]
[Round "6.11"]
[White "Sowray, Peter J"]
[Black "Arakhamia-Grant, Ketevan"]
[Result "1/2-1/2"]
[WhiteElo "2334"]
[BlackElo "2446"]
[PlyCount "110"]
[EventDate "2001.09.29"]
[EventType "swiss"]
[EventRounds "9"]
[EventCountry "IOM"]
[SourceTitle "BritBase"]
[SourceDate "2008.07.14"]
[SourceVersion "1"]
[SourceVersionDate "2008.07.14"]
[SourceQuality "2"]

1. e4 c5 2. Nf3 e6 3. d4 cxd4 4. Nxd4 Nf6 5. Nc3 d6 6. g4 h6 7. h4 Nc6 8. Rg1
h5 9. gxh5 Nxh5 10. Bg5 Nf6 11. Nb3 a6 12. Qe2 Be7 13. O-O-O Qc7 14. f4 Bd7 15.
Bg2 O-O-O 16. Bf3 g6 17. Kb1 Nh5 18. Nd5 exd5 19. exd5 Nxf4 20. Bxf4 Ne5 21.
Bxe5 dxe5 22. h5 Bf5 23. Bg4 Kb8 24. Bxf5 gxf5 25. Qf3 f4 26. Rg7 Bf6 27. Rg2
Rh6 28. a3 Bh8 29. Qg4 e4 30. Qg5 Rb6 31. Re2 Rc8 32. d6 Rxd6 33. Rxd6 Qxd6 34.
Rxe4 Qd1+ 35. Ka2 Qxc2 36. Qxf4+ Ka8 37. Nd4 Qc4+ 38. Nb3 Qc2 39. Nd4 Qc4+ 40.
Nb3 Qd5 41. h6 Qd3 42. Rb4 Rc2 43. Nd4 Rc4 44. Qf3 Qxf3 45. Nxf3 Rc2 46. Kb1
Rf2 47. Ng5 Ka7 48. h7 b5 49. Rb3 Rf5 50. Rf3 Rxg5 51. Rxf7+ Kb6 52. Rf8 Rg1+
53. Ka2 Bd4 54. Rd8 Rh1 55. Rxd4 Rxh7 1/2-1/2

[Event "Monarch Assurance Isle of Man 10th"]
[Site "Port Erin IOM"]
[Date "2001.10.04"]
[Round "6.12"]
[White "Afek, Yochanan"]
[Black "Jackson, Adrian"]
[Result "1-0"]
[WhiteElo "2381"]
[BlackElo "2230"]
[PlyCount "167"]
[EventDate "2001.09.29"]
[EventType "swiss"]
[EventRounds "9"]
[EventCountry "IOM"]
[SourceTitle "BritBase"]
[SourceDate "2008.07.14"]
[SourceVersion "1"]
[SourceVersionDate "2008.07.14"]
[SourceQuality "2"]

1. e4 c5 2. c3 Nf6 3. e5 Nd5 4. Nf3 e6 5. Bc4 Nb6 6. Bb3 d6 7. O-O Nc6 8. d4
dxe5 9. dxe5 Qxd1 10. Rxd1 h6 11. Nbd2 g5 12. Ne4 Bg7 13. Be3 Nd7 14. Nxc5
Ndxe5 15. Nxe5 Bxe5 16. Rd3 Ke7 17. Ba4 Rd8 18. Bxc6 bxc6 19. Rxd8 Kxd8 20. h4
f6 21. Bd4 Bxd4 22. cxd4 Rb8 23. b3 Rb4 24. Rd1 Ke7 25. f3 gxh4 26. Kf2 Bd7 27.
Ke3 Rb8 28. Rh1 Rg8 29. Rxh4 Rxg2 30. Rxh6 Be8 31. a4 Rg8 32. Ne4 Bg6 33. Nc5
Kd6 34. Rh1 Bf5 35. Rc1 Rg7 36. Rc4 e5 37. b4 Rh7 38. Na6 Bc8 39. Nc5 Bf5 40.
Rc1 exd4+ 41. Kxd4 Rh4+ 42. Kc3 Rh3 43. Rf1 Bg4 44. Ne4+ Ke5 45. Nd2 Be6 46.
Re1+ Kd5 47. Re3 Bf5 48. Re7 Rh7 49. Re8 Bg6 50. Rd8+ Ke6 51. Kd4 Rd7+ 52. Rxd7
Kxd7 53. Kc5 Bc2 54. a5 Bd1 55. f4 Ba4 56. Ne4 f5 57. Nd2 Bc2 58. Nc4 Be4 59.
Kd4 Ke6 60. Ne5 Kd6 61. Nf7+ Ke7 62. Ng5 Bb1 63. Ke5 Kd7 64. Ne6 c5 65. b5 c4
66. Nc5+ Kc7 67. Kd4 Ba2 68. Kc3 Bb1 69. Kxc4 Kd6 70. Kd4 Ba2 71. Na4 Bd5 72.
Nb2 Bg2 73. Nc4+ Kc7 74. Kc5 Bf3 75. Nd6 Bg4 76. Nf7 Be2 77. Ne5 Bf1 78. Nc6
Kb7 79. a6+ Ka8 80. Nb4 Kb8 81. b6 axb6+ 82. Kxb6 Bc4 83. Nc2 Bd5 84. Nd4 1-0

[Event "Monarch Assurance Isle of Man 10th"]
[Site "Port Erin IOM"]
[Date "2001.10.04"]
[Round "6.13"]
[White "Hanley, Craig A"]
[Black "Williams, Simon K"]
[Result "1-0"]
[WhiteElo "2278"]
[BlackElo "2369"]
[PlyCount "137"]
[EventDate "2001.09.29"]
[EventType "swiss"]
[EventRounds "9"]
[EventCountry "IOM"]
[SourceTitle "BritBase"]
[SourceDate "2008.07.14"]
[SourceVersion "1"]
[SourceVersionDate "2008.07.14"]
[SourceQuality "2"]

1. d4 e6 2. Nf3 f5 3. g3 Nf6 4. Bg2 d5 5. O-O Bd6 6. c4 c6 7. Bf4 Bxf4 8. gxf4
O-O 9. Ne5 Nbd7 10. Nc3 Ne4 11. Rc1 Nxe5 12. fxe5 Bd7 13. e3 Qe7 14. Ne2 Be8
15. f3 Ng5 16. Qe1 Nf7 17. Qg3 Nh6 {(=)} 18. Nf4 Kh8 19. h4 Nf7 20. h5 Nh6 21.
Rc2 Bf7 22. Rb1 a5 23. Bf1 Rg8 24. Rg2 Rac8 25. c5 Ra8 26. Bd3 Qd8 27. Kh1 Ra7
28. Rbg1 Ra8 29. Rh2 Qe7 30. Ng6+ hxg6 31. hxg6 Be8 32. Qf4 Qf8 33. Qg5 Rc8 34.
Rg3 Rc7 35. Rgh3 Bxg6 36. Qxg6 Qf7 37. Rxh6+ gxh6 38. Rxh6+ Qh7 39. Qf6+ Rcg7
40. Rxh7+ Kxh7 41. Qh4+ Kg6 42. Kg1 Kf7+ 43. Kf2 Rg2+ 44. Ke1 Ke8 45. Be2 Kd7
46. Qf6 R2g7 47. Kd2 Re7 48. Kc3 Reg7 49. Kb3 Re7 50. Bd3 Rgg7 51. Qf8 Kc7 52.
Qa8 Rd7 53. Qxa5+ Kb8 54. Kc3 Rg3 55. Be2 Rg2 56. Kd3 Rh7 57. Qe1 Rhh2 58. b4
b5 59. cxb6 Kb7 60. a4 Kxb6 61. Qd1 Rf2 62. Qc2 Kb7 63. b5 cxb5 64. axb5 Rxe2
65. Qc6+ Kb8 66. Qb6+ Ka8 67. Qxe6 Rc2 68. Qxd5+ Ka7 69. Qd7+ 1-0

[Event "Monarch Assurance Isle of Man 10th"]
[Site "Port Erin IOM"]
[Date "2001.10.04"]
[Round "6.14"]
[White "Collins, Sam IRL"]
[Black "Marusenko, Petr"]
[Result "1-0"]
[WhiteElo "2194"]
[BlackElo "2362"]
[PlyCount "73"]
[EventDate "2001.09.29"]
[EventType "swiss"]
[EventRounds "9"]
[EventCountry "IOM"]
[SourceTitle "BritBase"]
[SourceDate "2008.07.14"]
[SourceVersion "1"]
[SourceVersionDate "2008.07.14"]
[SourceQuality "2"]

1. e4 c6 2. d4 d5 3. Nc3 dxe4 4. Nxe4 Bf5 5. Ng3 Bg6 6. Bc4 e6 7. N1e2 Bd6 8.
Nf4 Qh4 9. Ngh5 Bxh5 10. Qxh5 Qf6 11. Ne2 Qg6 12. Qxg6 hxg6 13. g3 Nf6 14. f3
Nbd7 15. Kf2 Rc8 16. Bb3 c5 17. c3 c4 18. Bc2 Nd5 19. Bd2 Ke7 20. b4 Rh5 21. a4
Rch8 22. h4 f6 23. Bxg6 R5h6 24. Bxh6 Rxh6 25. Be4 Kf7 26. g4 Rh8 27. a5 Nf8
28. h5 Nh7 29. Bxd5 exd5 30. Ng3 Ng5 31. Nf5 Bf4 32. Rae1 Ne6 33. Re2 Re8 34.
Rhe1 Bc7 35. h6 g6 36. Ng7 Nxg7 37. Rxe8 1-0

[Event "Monarch Assurance Isle of Man 10th"]
[Site "Port Erin IOM"]
[Date "2001.10.04"]
[Round "6.15"]
[White "Yurenok, Maria"]
[Black "Ryan, Joseph"]
[Result "0-1"]
[WhiteElo "2088"]
[BlackElo "2305"]
[PlyCount "86"]
[EventDate "2001.09.29"]
[EventType "swiss"]
[EventRounds "9"]
[EventCountry "IOM"]
[SourceTitle "BritBase"]
[SourceDate "2008.07.14"]
[SourceVersion "1"]
[SourceVersionDate "2008.07.14"]
[SourceQuality "2"]

1. d4 e6 2. Nf3 d5 3. c4 Nf6 4. e3 b6 5. Be2 Bb7 6. O-O Bd6 7. b3 O-O 8. Bb2 c5
9. Ne5 Nbd7 10. Nd2 Qe7 11. f4 Rfd8 12. Qe1 cxd4 13. exd4 Bb4 14. a3 Bxd2 15.
Qxd2 dxc4 16. bxc4 Ne4 17. Qe3 Rac8 18. Bd3 Nd6 19. Qh3 Be4 20. Bxe4 Nxe4 21.
Qe3 Nd6 22. d5 exd5 23. cxd5 f6 24. Nc4 Qxe3+ 25. Nxe3 Re8 26. Rfe1 Re4 27. g3
Kf7 28. Kg2 Rxe3 29. Rxe3 Rc2+ 30. Kg1 Rxb2 31. Rae1 Nf5 32. Re6 h5 33. h3 Nc5
34. Rc6 Nxg3 35. Rc7+ Kg6 36. Ree7 Nf5 37. Rf7 Rd2 38. Rxa7 Rxd5 39. Rf8 Rd2
40. Rb8 Rb2 41. a4 Nd3 42. a5 Nxf4 43. axb6 Rg2+ 0-1

[Event "Monarch Assurance Isle of Man 10th"]
[Site "Port Erin IOM"]
[Date "2001.10.04"]
[Round "6.16"]
[White "Valenti, Richard"]
[Black "Bisby, Daniel"]
[Result "1/2-1/2"]
[WhiteElo "2143"]
[BlackElo "2285"]
[PlyCount "40"]
[EventDate "2001.09.29"]
[EventType "swiss"]
[EventRounds "9"]
[EventCountry "IOM"]
[SourceTitle "BritBase"]
[SourceDate "2008.07.14"]
[SourceVersion "1"]
[SourceVersionDate "2008.07.14"]
[SourceQuality "2"]

1. e4 c5 2. Nf3 d6 3. d3 Nc6 4. g3 g6 5. Bg2 Bg7 6. O-O e5 7. Nc3 Nge7 8. Nd2
O-O 9. Nc4 Be6 10. Nd5 f5 11. c3 Qd7 12. a4 {(=)} Kh8 13. a5 Rad8 14. Qa4 Bg8
15. Bg5 h6 16. Nxe7 Nxe7 17. Qxd7 Rxd7 18. Bxe7 Rxe7 19. a6 bxa6 20. exf5 d5
1/2-1/2

[Event "Monarch Assurance Isle of Man 10th"]
[Site "Port Erin IOM"]
[Date "2001.10.04"]
[Round "6.17"]
[White "Goodger, Martyn"]
[Black "Willmoth, Robert"]
[Result "1-0"]
[WhiteElo "2136"]
[BlackElo "2239"]
[PlyCount "83"]
[EventDate "2001.09.29"]
[EventType "swiss"]
[EventRounds "9"]
[EventCountry "IOM"]
[SourceTitle "BritBase"]
[SourceDate "2008.07.14"]
[SourceVersion "1"]
[SourceVersionDate "2008.07.14"]
[SourceQuality "2"]

1. e4 d6 2. d4 Nf6 3. Nc3 g6 4. Be3 c6 5. Qd2 Qa5 6. Bd3 Nbd7 7. Nf3 Ng4 8. Bg5
h6 9. Bh4 Bg7 10. Bxe7 Qc7 11. Bh4 O-O 12. O-O Nb6 13. h3 Nf6 14. Bxf6 Bxf6 15.
Qxh6 Bg7 16. Qh4 Re8 17. Rfe1 a5 18. Qf4 a4 19. Ne2 a3 20. b3 Re7 21. Rad1 Nd7
22. c3 Ra5 23. Ng3 Nf8 24. b4 Ra8 25. Qd2 b6 26. Re2 Bd7 27. Rde1 Rae8 28. Qc1
Qa7 29. e5 d5 30. Nf1 Ne6 31. g3 Nf8 32. Kg2 Ra8 33. Ne3 Nh7 34. h4 Bh6 35. Qc2
Be6 36. h5 Qd7 37. Rh1 Rf8 38. hxg6 Ng5 39. Nxg5 Bxg5 40. f4 Bg4 41. Nxg4 Qxg4
42. Bf5 1-0

[Event "Monarch Assurance Isle of Man 10th"]
[Site "Port Erin IOM"]
[Date "2001.10.04"]
[Round "6.18"]
[White "Smith, Andrew P"]
[Black "May, Frank"]
[Result "1-0"]
[WhiteElo "2234"]
[BlackElo "2125"]
[PlyCount "83"]
[EventDate "2001.09.29"]
[EventType "swiss"]
[EventRounds "9"]
[EventCountry "IOM"]
[SourceTitle "BritBase"]
[SourceDate "2008.07.14"]
[SourceVersion "1"]
[SourceVersionDate "2008.07.14"]
[SourceQuality "2"]

1. Nf3 d5 2. b3 Nf6 3. Bb2 Bf5 4. Nh4 e6 5. Nxf5 exf5 6. g3 Be7 7. Bh3 Qd7 8.
c4 d4 9. e3 Nc6 10. O-O Rd8 11. Na3 O-O 12. Nb5 d3 13. Nd4 g6 14. Qf3 Ng4 15.
Nxc6 Qxc6 16. Bxg4 fxg4 17. Qxg4 f5 18. Qd1 Bf6 19. Bxf6 Rxf6 20. f4 a5 21. Qf3
a4 22. Qxc6 Rxc6 23. Rfc1 Rb6 24. Rc3 c5 25. Rb1 Kf7 26. a3 Ke6 27. b4 h6 28.
Kf2 g5 29. h3 Rd7 30. Kf3 Kf6 31. Rcc1 h5 32. fxg5+ Kxg5 33. bxc5 Rc6 34. Rb6
h4 35. Rxc6 bxc6 36. gxh4+ Kxh4 37. e4 fxe4+ 38. Kxe4 Kxh3 39. Rc3 Kg4 40. Rxd3
Re7+ 41. Kd4 Kf4 42. Kc3 1-0

[Event "Monarch Assurance Isle of Man 10th"]
[Site "Port Erin IOM"]
[Date "2001.10.04"]
[Round "6.19"]
[White "Simons, Martin"]
[Black "Bolt, Graham"]
[Result "1-0"]
[WhiteElo "2215"]
[BlackElo "2124"]
[PlyCount "121"]
[EventDate "2001.09.29"]
[EventType "swiss"]
[EventRounds "9"]
[EventCountry "IOM"]
[SourceTitle "BritBase"]
[SourceDate "2008.07.14"]
[SourceVersion "1"]
[SourceVersionDate "2008.07.14"]
[SourceQuality "2"]

1. d4 Nf6 2. Nc3 d5 3. e4 dxe4 4. f3 Bf5 5. fxe4 Bxe4 6. Nxe4 Nxe4 7. Bd3 Nd6
8. Nf3 g6 9. Bf4 Bg7 10. Qd2 Nd7 11. O-O-O Nf6 12. Rde1 O-O 13. Bh6 e6 14. Rhf1
Nf5 15. Bxg7 Kxg7 16. c3 c5 17. dxc5 Rc8 18. Ne5 Rxc5 19. g4 Ne7 20. Qf2 Rxe5
21. Qxf6+ Kg8 22. Rxe5 Qxd3 23. Qf3 Qxf3 24. Rxf3 Nc6 25. Rb5 b6 26. Rd3 Kg7
27. Rd6 Rc8 28. Kd2 h6 29. Rd7 Kf6 30. a4 a6 31. Rxb6 Ne5 32. Rdd6 Nc4+ 33. Kd3
Nxd6 34. Rxd6 a5 35. b4 axb4 36. cxb4 Ke5 37. Rd7 f5 38. gxf5 gxf5 39. Rh7 Rd8+
40. Kc4 f4 41. Rf7 Ke4 42. a5 Ra8 43. Rf6 e5 44. a6 f3 45. b5 Ke3 46. Kb4 e4
47. Ka5 Kf2 48. Re6 e3 49. b6 e2 50. b7 Rf8 51. a7 Rf6 52. Re8 Rf8 53. b8=Q
Rxe8 54. Qxe8 e1=Q+ 55. Qxe1+ Kxe1 56. a8=Q f2 57. Qe4+ Kf1 58. Qg6 h5 59. Qxh5
Kg2 60. Qe2 Kg1 61. Qxf2+ 1-0

[Event "Monarch Assurance Isle of Man 10th"]
[Site "Port Erin IOM"]
[Date "2001.10.04"]
[Round "6.20"]
[White "Clark, Stephen P"]
[Black "Howell, David W"]
[Result "1-0"]
[WhiteElo "2112"]
[BlackElo "2193"]
[PlyCount "143"]
[EventDate "2001.09.29"]
[EventType "swiss"]
[EventRounds "9"]
[EventCountry "IOM"]
[SourceTitle "BritBase"]
[SourceDate "2008.07.14"]
[SourceVersion "1"]
[SourceVersionDate "2008.07.14"]
[SourceQuality "2"]

1. e4 e5 2. d3 Nc6 3. g3 d5 4. Nd2 Be6 5. Bg2 Qd7 6. Ngf3 f6 7. exd5 Bxd5 8.
O-O Bc5 9. b3 h5 10. Bb2 Nge7 11. Ne4 Bb6 12. Qe2 O-O-O 13. Rad1 Nf5 14. c4
Bxe4 15. Qxe4 Nfd4 16. Nxd4 Bxd4 17. Bxd4 Qxd4 18. Qf5+ Kb8 19. Bxc6 bxc6 20.
Rfe1 c5 21. Qe4 Qc3 22. Qc6 Qa5 23. Re2 Rd6 24. Qf3 Qc3 25. h4 a5 26. Qe3 Rd4
27. Qd2 Qb4 28. Re4 Rd6 29. Qxb4+ {(=)} cxb4 30. Kf1 Rhd8 31. Ke2 Kb7 32. f4
exf4 33. Rxf4 Re6+ 34. Kf3 Rde8 35. Re4 Rxe4 36. dxe4 Kc6 37. Kf4 g6 38. Rd2
Ra8 39. Rd5 a4 40. Rb5 axb3 41. axb3 Ra2 42. Rxb4 Kc5 43. Rb7 Kd4 44. Kf3 Rb2
45. c5 c6 46. b4 Rb3+ 47. Kf4 g5+ 48. hxg5 fxg5+ 49. Kxg5 Kxe4 50. Kh4 Kd5 51.
Rd7+ Kc4 52. Rb7 Kd5 53. Rb6 Rd3 54. b5 Kxc5 55. Rxc6+ Kxb5 56. Rg6 Kc5 57.
Kxh5 Kd5 58. g4 Rh3+ 59. Kg5 Ke5 60. Rf6 Rg3 61. Rf8 Ke6 62. Kh5 Ke7 63. Rf2
Rh3+ 64. Kg6 Rh4 65. g5 Rh1 66. Kg7 Rg1 67. g6 Rh1 68. Kg8 Rg1 69. g7 Rh1 70.
Re2+ Kd7 71. Re4 Rh2 72. Kf7 1-0

[Event "Monarch Assurance Isle of Man 10th"]
[Site "Port Erin IOM"]
[Date "2001.10.04"]
[Round "6.21"]
[White "McNally, Bruce"]
[Black "Spence, David J"]
[Result "1/2-1/2"]
[WhiteElo "2010"]
[BlackElo "2185"]
[PlyCount "63"]
[EventDate "2001.09.29"]
[EventType "swiss"]
[EventRounds "9"]
[EventCountry "IOM"]
[SourceTitle "BritBase"]
[SourceDate "2008.07.14"]
[SourceVersion "1"]
[SourceVersionDate "2008.07.14"]
[SourceQuality "2"]

1. d4 d5 2. Nf3 Nf6 3. e3 Bg4 4. c4 dxc4 5. Bxc4 e6 6. Qb3 Bxf3 7. gxf3 Nbd7 8.
Nc3 Be7 9. e4 Nb6 10. Be3 Nxc4 11. Qxc4 O-O 12. Rd1 c6 13. Rd2 Qa5 14. a3 Rfd8
15. Ke2 Rac8 16. Qa4 Qc7 17. h4 a6 18. h5 h6 19. Qd1 Kh8 20. b4 a5 21. Qb3 axb4
22. axb4 Kg8 23. Na4 Nd7 24. f4 b5 25. Nc5 Bxc5 26. dxc5 Nf6 27. f3 Rxd2+ 28.
Bxd2 Ra8 29. Ke3 Ra4 30. Bc3 Qa7 31. Bb2 Ra2 32. Qc3 1/2-1/2

[Event "Monarch Assurance Isle of Man 10th"]
[Site "Port Erin IOM"]
[Date "2001.10.04"]
[Round "6.22"]
[White "Isherwood, Paul"]
[Black "Ormsby, Alan"]
[Result "1-0"]
[WhiteElo "2172"]
[BlackElo "1720"]
[PlyCount "109"]
[EventDate "2001.09.29"]
[EventType "swiss"]
[EventRounds "9"]
[EventCountry "IOM"]
[SourceTitle "BritBase"]
[SourceDate "2008.07.14"]
[SourceVersion "1"]
[SourceVersionDate "2008.07.14"]
[SourceQuality "2"]

1. e4 c6 2. d4 d5 3. exd5 cxd5 4. c4 Nf6 5. Nc3 Nc6 6. Bg5 e6 7. c5 Be7 8. Nf3
O-O 9. Rc1 h6 10. Bf4 Bd7 11. h3 b6 12. Ba6 bxc5 13. Bb7 Rb8 14. Bxc6 Bxc6 15.
Bxb8 Qxb8 16. O-O cxd4 17. Qxd4 Rd8 18. Ne5 Be8 19. Ne2 Ne4 20. f4 Qb5 21. Qxa7
Bc5+ 22. Rxc5 Qxc5+ 23. Qxc5 Nxc5 24. Nd4 f6 25. Nef3 Bd7 26. b3 Nd3 27. g3 Rc8
28. Rd1 Nb4 29. Rd2 Ra8 30. a4 Kf7 31. Nc2 Nxc2 32. Rxc2 Bxa4 33. bxa4 Rxa4 34.
Kf2 Re4 35. Rc7+ Kg8 36. Re7 g5 37. Nd2 Ra4 38. fxg5 hxg5 39. Rxe6 Kf7 40. Rd6
Ra5 41. Nb3 Ra2+ 42. Kf3 Ra3 43. Rb6 Kg6 44. Ke3 Ra2 45. Nd2 Ra3+ 46. Rb3 Ra4
47. Rd3 Ra5 48. Nb3 Rb5 49. Kd4 Kf5 50. Rf3+ Kg6 51. g4 Rb4+ 52. Kxd5 Rb5+ 53.
Nc5 Rb6 54. Nd7 Ra6 55. Rxf6+ 1-0